Zborníky Pantaleona Roškovského pre klávesové nástroje

Bibliographic Details
Main Author: Kačic, Ladislav, 1951-2024 (Author)
Format: Article
Language:Slovak
PhysicalDescription:Obr. 12, lit. 67 zázn. v slov., češ., nem., maď.
Subjects:

MARC

LEADER 00000nab a2200000 a 4500
001 vtls000339751
003 SK-MaSNL
005 20260304012249.0
008 160204c1988 xo 0 slo
015 |a SNBRA19rr/mm-uuuuu 
035 |a CL0339873 
040 |a SNKBUCL  |b slo  |c SNKBUCL  |e AACR2 
041 0 |a slo 
044 |a xo  |c SK 
080 |a 786:091  |2 1981 
080 |a 091  |2 1981 
080 |a 78(091)  |2 1981 
080 |a 930.25  |2 1981 
100 1 |a Kačic, Ladislav,  |d 1951-2024  |4 aut  |9 92943 
245 1 0 |a Zborníky Pantaleona Roškovského pre klávesové nástroje  |c Ladislav Kačic ; Pantaleon Roškovský 
300 |b Obr. 12, lit. 67 zázn. v slov., češ., nem., maď. 
650 0 7 |a hudba pre klávesové nástroje  |2 snkbucl  |9 3433 
655 7 |a články zo zborníkov  |2 snkbucl  |9 166140 
773 0 |t K prameňom hudby na Slovensku v 17. a 18. storočí. Musicologica Slovaca 12  |d Bratislava : Veda, 1988  |g S. 145-/211/ 
850 |a Slovenská národná knižnica v Martine  |a MTA001 
852 |a SNK  |b KIS3GCP 
958 |a NB 
958 |a RK 
992 |a RZB 
999 |c 2570913  |d 2572843